[Event "Nouadhibou Independence op"]
[Site "Nouadhibou"]
[Date "2014.11.29"]
[Round "6"]
[White "Abdallahi, Eyaha"]
[Black "Med, Salem Ghaylani"]
[Result "0-1"]
[WhiteElo "1698"]
[BlackElo "1556"]
[PlyCount "59"]
[EventDate "2014.11.27"]
[EventType "swiss"]
[EventRounds "9"]
[EventCountry "MAU"]
[SourceTitle "CBM 163 Extra"]
[Source "ChessBase"]
[SourceDate "2014.12.23"]
[SourceVersion "1"]
[SourceVersionDate "2014.12.23"]
[SourceQuality "1"]

1. e4 g6 2. Bc4 Bg7 3. Nf3 e6 4. d4 d5 5. Bb5+ c6 6. Bd3 Nf6 7. e5 Nfd7 8. Bf4 c5 9. c3 c4 10. Bc2 a6 11. Qe2 Nc6 12. Nbd2 b5 13. Nf1 b4 14. Ne3 bxc3 15. bxc3 Qa5 16. Qd2 Rb8 17. a4 Ne7 18. 0-0 0-0 19. Ng4 Nf5 20. Nh6+ Nxh6 21. Bxh6 f6 22. Bxg7 Kxg7 23. exf6+ Nxf6 24. Rab1 Bd7 25. Rxb8 Rxb8 26. Ra1 Rb2 27. Ne5 Bxa4 28. Rxa4 Qxa4 29. Bxa4 Rxd2 30. Kf1 0-1

[Event "Nouadhibou Independence op"]
[Site "Nouadhibou"]
[Date "2014.11.28"]
[Round "3"]
[White "Ebnou, Sidahmed"]
[Black "Med, Salem Ghaylani"]
[Result "0-1"]
[WhiteElo "1611"]
[BlackElo "1556"]
[PlyCount "90"]
[EventDate "2014.11.27"]
[EventType "swiss"]
[EventRounds "9"]
[EventCountry "MAU"]
[SourceTitle "CBM 163 Extra"]
[Source "ChessBase"]
[SourceDate "2014.12.23"]
[SourceVersion "1"]
[SourceVersionDate "2014.12.23"]
[SourceQuality "1"]

1. d4 e6 2. e4 d5 3. e5 c5 4. Nf3 Nc6 5. Bb5 a6 6. Bxc6+ bxc6 7. c3 g6 8. Nbd2 cxd4 9. cxd4 c5 10. 0-0 cxd4 11. Nxd4 Bg7 12. N2f3 Qc7 13. Re1 Ne7 14. Bg5 0-0 15. Rc1 Qd7 16. Bxe7 Qxe7 17. Qa4 Bb7 18. b4 Rfc8 19. Nb3 Rc4 20. Rxc4 dxc4 21. Nbd4 Bd5 22. a3 Qc7 23. Qc2 a5 24. b5 a4 25. Qc3 Qc5 26. Rb1 Rd8 27. Qa5 Ra8 28. Qc3 Bf8 29. Rb4 Qb6 30. Rb1 Bh6 31. g3 Be4 32. Rb4 Bd3 33. Nc6 Bf8 34. Rb2 Kg7 35. Nd2 Qc5 36. Rb4 Qd5 37. Rb2 Bc5 38. Na5 Bd4 39. Qb4 c3 40. Nc6 cxb2 41. Nxd4 b1Q+ 42. Nxb1 Bxb1 43. Qxb1 Qxd4 44. Qb4 Qxe5 45. Kg2 Rb8 0-1

[Event "MAU-ch"]
[Site "Nouadhibou"]
[Date "2013.12.31"]
[Round "6"]
[White "Med, Salem Ghaylani"]
[Black "Cheiguer, Mohamed Abdellahi"]
[Result "0-1"]
[WhiteElo "1629"]
[BlackElo "1681"]
[PlyCount "68"]
[EventDate "2013.12.28"]
[EventType "swiss"]
[EventRounds "11"]
[EventCountry "MAU"]
[SourceTitle "CBM 158 Extra"]
[Source "ChessBase"]
[SourceDate "2014.02.28"]
[SourceVersion "1"]
[SourceVersionDate "2014.02.28"]
[SourceQuality "1"]

1. e4 e5 2. Nf3 Nc6 3. Bc4 Nf6 4. 0-0 Bc5 5. c3 d6 6. d4 exd4 7. cxd4 Bb6 8. Bg5 Bg4 9. d5 Nd4 10. Be2 Nxe2+ 11. Qxe2 Qd7 12. Nbd2 0-0-0 13. a4 a6 14. b4 h6 15. Bf4 g5 16. Be3 Kb8 17. a5 Ba7 18. Bxa7+ Kxa7 19. Rfb1 Qb5 20. Qxb5 axb5 21. Nd4 Ka6 22. f3 Bd7 23. Rc1 Rc8 24. Rc3 g4 25. f4 Rhg8 26. f5 h5 27. Rac1 Ne8 28. Ne2 h4 29. Nd4 c6 30. N4b3 Nf6 31. Re3 Rge8 32. Kf2 cxd5 33. exd5 g3+ 34. hxg3 Ng4+ 0-1